00737nam a22002535b 4500001000600000003000900006005001700015007000300032008004200035017000900077020001500086040003100101082002700132100003000159245005000189250000600239260005100245300002600296490005100322600000600373650003600379650003200415650003600447 446 DO-SdBPM20250611083900.0ta950710s2000 sp a | |||| ||spa  a b  a8424159748 aDO-SdBPMbspacBPMSUe rda 4a863.6bN945p 19992221 aChandro, Juan Carlos d 10aPadia y los trampolinos / c Teresa Novoa h  a  aLeón, España : bEditorial Everest, c1999 a35 p. :bil. ;c21 cm0 aMontaña encantada; aPrimeros lectores, v  2  4aCuentos infantiles españoles  4aJuegos vCuentos infantiles 4aLiteratura infantil española